Stanovenie anizolov v nápojoch diplomová práca

Salvato in:
Dettagli Bibliografici
Autore principale: Šáner, Andrej
Natura: Libro
Lingua:slovacco
Pubblicazione: Bratislava STU FCHPT 2018
Accesso online:Visualizza in OPAC
Tags: Aggiungi Tag
Nessun Tag, puoi essere il primo ad aggiungerne!!

MARC

LEADER 00000nam a2200000 a 4500
005 20260127134000.0
008 180828 2018 xo a 001 0 slo d
035 |a vtls011774990 
039 9 |a 201808281118  |b mschk03  |y 201808281100  |z mschk03 
040 |a STUSCHK1  |b slo  |c STUSCHK1  |e AACR2 
100 1 |a Šáner, Andrej 
245 1 |a Stanovenie anizolov v nápojoch  |b diplomová práca  |c Andrej Šáner 
260 |a Bratislava  |b STU FCHPT  |c 2018 
300 |a 41 s.  |b il.  |c 25 cm 
500 |a Študijný program: biotechnológia a potravinárska technológia 
500 |a Študijný odbor: biotechnológie 
500 |a Školiace pracovisko: Ústav analytickej chémie 
500 |a Evid. číslo: FCHPT-13567-76241 
910 |a SCHK95 
999 |c 1445  |d 1445